The Strategic CFO Creating Value in a Dynamic Market Environment /

The role of the Chief Financial Officer (CFO) has substantially changed in a world characterized by globalized financial markets and truly global products. The accelerated development of new technologies, products, and markets has led to an increasingly dynamic and uncertain competitive situation. T...

Full description

Bibliographic Details
Corporate Author: SpringerLink (Online service)
Other Authors: Hommel, Ulrich (Editor), Fabich, Michael (Editor), Schellenberg, Ervin (Editor), Firnkorn, Lutz (Editor)
Format: Electronic eBook
Language:English
Published: Berlin, Heidelberg : Springer Berlin Heidelberg, 2012.
Subjects:
Online Access:Full Text via HEAL-Link
LEADER 02420nam a22004575i 4500
001 978-3-642-04349-9
003 DE-He213
005 20151204165733.0
007 cr nn 008mamaa
008 111019s2012 gw | s |||| 0|eng d
020 |a 9783642043499  |9 978-3-642-04349-9 
024 7 |a 10.1007/978-3-642-04349-9  |2 doi 
040 |d GrThAP 
050 4 |a HG1-HG9999 
072 7 |a KFF  |2 bicssc 
072 7 |a BUS027000  |2 bisacsh 
082 0 4 |a 332  |2 23 
245 1 4 |a The Strategic CFO  |h [electronic resource] :  |b Creating Value in a Dynamic Market Environment /  |c edited by Ulrich Hommel, Michael Fabich, Ervin Schellenberg, Lutz Firnkorn. 
264 1 |a Berlin, Heidelberg :  |b Springer Berlin Heidelberg,  |c 2012. 
300 |a XVI, 316 p.  |b online resource. 
336 |a text  |b txt  |2 rdacontent 
337 |a computer  |b c  |2 rdamedia 
338 |a online resource  |b cr  |2 rdacarrier 
347 |a text file  |b PDF  |2 rda 
505 0 |a Strategy-Linked Approaches to Risk Management and Corporate Financing -- Coping and Benefiting from the Dynamics of Financial Markets -- Linking the Dynamics of Financial Markets and Product Markets. 
520 |a The role of the Chief Financial Officer (CFO) has substantially changed in a world characterized by globalized financial markets and truly global products. The accelerated development of new technologies, products, and markets has led to an increasingly dynamic and uncertain competitive situation. The book demonstrates and discusses the impact of this changing corporate environment on the role and responsibilities of the CFO. A more holistic view that integrates business and financial decisions is required in order to manage these challenges of globalization. The book shows how the CFO can adopt and implement this management approach and thus play a vital role in the firm’s value creation. 
650 0 |a Finance. 
650 0 |a Management. 
650 1 4 |a Finance. 
650 2 4 |a Finance, general. 
650 2 4 |a Management. 
700 1 |a Hommel, Ulrich.  |e editor. 
700 1 |a Fabich, Michael.  |e editor. 
700 1 |a Schellenberg, Ervin.  |e editor. 
700 1 |a Firnkorn, Lutz.  |e editor. 
710 2 |a SpringerLink (Online service) 
773 0 |t Springer eBooks 
776 0 8 |i Printed edition:  |z 9783642043482 
856 4 0 |u http://dx.doi.org/10.1007/978-3-642-04349-9  |z Full Text via HEAL-Link 
912 |a ZDB-2-SBE 
950 |a Business and Economics (Springer-11643)